000 00502nam a22001937a 4500
003 MPLRDC
005 20220104144240.0
008 210129b ||||| |||| 00| 0 eng d
020 _a957-13-3366-2
082 _a861.57 CSCS-23
100 _a村上春树
245 _a日出国的工场
_c
250 _a一版一刷
260 _a
_b时报文化出版企业股份有限公司
_c2001
300 _b
490 _a蓝小说. 928
650 _a日本现代小说
942 _cBK
_o861.57 CSCS-23
999 _c47803
_d47793